[Event "Hull CC - LEO ferme ch A"]
[Site "Gatineau CAN"]
[Date "2008.04.22"]
[Round "2"]
[White "Brousseau, Yvan"]
[Black "Chartrand, Jean Bruno"]
[Result "0-1"]
[WhiteElo "2009"]
[BlackElo "1965"]
[PlyCount "111"]
[GameId "2160767910351105"]
[EventDate "2008.04.15"]
[EventType "tourn"]
[EventRounds "6"]
[EventCountry "CAN"]
[SourceTitle "EXT 2022"]
[Source "ChessBase"]
[SourceDate "2021.10.06"]
[SourceVersion "1"]
[SourceVersionDate "2021.10.06"]
[SourceQuality "1"]

1. b3 e5 2. Bb2 Nc6 3. e3 d5 4. Bb5 Bd6 5. f4 Qh4+ 6. g3 Qe7 7. Nf3 f6 8. Bxc6+ bxc6 9. fxe5 fxe5 10. Nxe5 Nf6 11. Nxc6 Qe4 12. O-O Bh3 13. Rf2 O-O 14. Nc3 Qg6 15. Ne2 Ng4 16. Rf4 Qh6 17. Ncd4 Bxf4 18. exf4 Nxh2 19. Kxh2 Bg4+ 20. Kg1 c5 21. Nb5 Qh5 22. Nbc3 d4 23. Qf1 Rae8 24. Nxd4 cxd4 25. Qc4+ Kh8 26. Qxd4 Rd8 27. Nd5 Rf7 28. c4 Be6 29. Nf6 Rxd4 30. Nxh5 Rxd2 31. Bc3 Rd3 32. Re1 Rxc3 33. Rxe6 h6 34. g4 Rc2 35. Kf1 Rd7 36. Ng3 Rxa2 37. Re2 Rxe2 38. Kxe2 Rb7 39. c5 Rxb3 40. Ne4 Rb7 41. Kd3 a5 42. Nc3 Kg8 43. Kd4 Kf8 44. c6 Rb4+ 45. Kc5 Ke8 46. Nd5 Rb1 47. Nb6 Kd8 48. Nc4 Rc1 49. Kb5 Rxc4 50. Kxc4 Kc7 51. Kb5 a4 52. Kxa4 Kxc6 53. g5 h5 54. f5 Kd6 55. f6 gxf6 56. g6 0-1

[Event "Hull CC - LEO ferme ch A"]
[Site "Gatineau CAN"]
[Date "2008.04.22"]
[Round "2"]
[White "Szalay, Karoly"]
[Black "Desjardins, Michel"]
[Result "1-0"]
[WhiteElo "2125"]
[BlackElo "1969"]
[PlyCount "29"]
[GameId "2160767910351106"]
[EventDate "2008.04.15"]
[EventType "tourn"]
[EventRounds "6"]
[EventCountry "CAN"]
[SourceTitle "EXT 2022"]
[Source "ChessBase"]
[SourceDate "2021.10.06"]
[SourceVersion "1"]
[SourceVersionDate "2021.10.06"]
[SourceQuality "1"]

1. e4 d5 2. exd5 Qxd5 3. Nc3 Qd6 4. d4 Nf6 5. g3 a6 6. Bg2 Bg4 7. Nge2 Nc6 8. Bf4 Qd7 9. d5 Nb4 10. a3 Bxe2 11. Kxe2 Nbxd5 12. Nxd5 O-O-O 13. c4 Nxd5 14. Qxd5 Qg4+ 15. Bf3 1-0

[Event "Hull CC - LEO ferme ch A"]
[Site "Gatineau CAN"]
[Date "2008.04.29"]
[Round "3"]
[White "Desjardins, Michel"]
[Black "Brousseau, Yvan"]
[Result "0-1"]
[WhiteElo "1969"]
[BlackElo "2009"]
[PlyCount "84"]
[GameId "2160767910351108"]
[EventDate "2008.04.15"]
[EventType "tourn"]
[EventRounds "6"]
[EventCountry "CAN"]
[SourceTitle "EXT 2022"]
[Source "ChessBase"]
[SourceDate "2021.10.06"]
[SourceVersion "1"]
[SourceVersionDate "2021.10.06"]
[SourceQuality "1"]

1. e4 Nc6 2. Nc3 e5 3. Bc4 Nf6 4. d3 Na5 5. Nge2 Nxc4 6. dxc4 d6 7. Qd3 Be7 8. O-O O-O 9. b3 Be6 10. Bb2 Nh5 11. Qf3 g6 12. g4 Ng7 13. Qg2 h5 14. h3 g5 15. f3 h4 16. Rfd1 c6 17. a4 a5 18. Qf2 Qc7 19. Bc1 f5 20. exf5 Nxf5 21. gxf5 Bxf5 22. Qg2 g4 23. hxg4 Bxc2 24. Re1 Bxb3 25. c5 d5 26. Qf2 Rf7 27. f4 exf4 28. Bxf4 Qd7 29. Qg2 Bxc5+ 30. Kh1 Rg7 31. g5 Re8 32. Rab1 Bc2 33. Rbc1 Qf5 34. Kh2 d4 35. Bd2 Bd6+ 36. Kh1 dxc3 37. Nxc3 Rxe1+ 38. Rxe1 h3 39. Qe2 Rf7 40. g6 Qf3+ 41. Qxf3 Rxf3 42. Bh6 Bxg6 0-1

[Event "Hull CC - LEO ferme ch A"]
[Site "Gatineau CAN"]
[Date "2008.05.06"]
[Round "4"]
[White "Brousseau, Yvan"]
[Black "Szalay, Karoly"]
[Result "0-1"]
[WhiteElo "2009"]
[BlackElo "2125"]
[PlyCount "128"]
[GameId "2160767910351109"]
[EventDate "2008.04.15"]
[EventType "tourn"]
[EventRounds "6"]
[EventCountry "CAN"]
[SourceTitle "EXT 2022"]
[Source "ChessBase"]
[SourceDate "2021.10.06"]
[SourceVersion "1"]
[SourceVersionDate "2021.10.06"]
[SourceQuality "1"]

1. Nf3 d5 2. b3 c5 3. Bb2 Nc6 4. e3 Bf5 5. Bb5 e6 6. Ne5 Qc7 7. f4 f6 8. Nf3 a6 9. Bxc6+ Qxc6 10. Nh4 Bg6 11. Nxg6 hxg6 12. Qg4 Kf7 13. d3 Nh6 14. Qe2 Nf5 15. Qf3 Bd6 16. Nd2 d4 17. Qxc6 bxc6 18. Nc4 Bc7 19. exd4 Bxf4 20. dxc5 Bxh2 21. O-O-O Bf4+ 22. Kb1 Be3 23. Rxh8 Rxh8 24. g4 Bxc5 25. gxf5 gxf5 26. Na5 g5 27. Nxc6 g4 28. d4 Bd6 29. c4 g3 30. Rg1 f4 31. c5 f3 32. cxd6 f2 33. Rxg3 f1=Q+ 34. Bc1 Qf5+ 35. Ka1 Qd5 36. Rc3 Qxd6 37. a3 Rh1 38. Ka2 Rh2+ 39. Bb2 Rg2 40. Nb4 Qxd4 41. Rc7+ Kg6 42. Nc2 Qd1 43. Ne3 Qd6 44. Rc8 Re2 45. Nc4 Qd7 46. Ra8 Qc6 47. Rd8 e5 48. Rd6 Qg2 49. Rxa6 Qf2 50. a4 e4 51. Ka3 Qc5+ 52. Ka2 Rf2 53. Re6 Qd5 54. Rd6 Qf5 55. b4 e3 56. Nxe3 Rxb2+ 57. Kxb2 Qe5+ 58. Kb3 Qxd6 59. b5 Qd3+ 60. Kb4 Qxe3 61. Ka5 Qa7+ 62. Kb4 Qb6 63. a5 Qd4+ 64. Kb3 Qc5 0-1

[Event "Hull CC - LEO ferme ch A"]
[Site "Gatineau CAN"]
[Date "2008.05.06"]
[Round "4"]
[White "Chartrand, Jean Bruno"]
[Black "Desjardins, Michel"]
[Result "0-1"]
[WhiteElo "1965"]
[BlackElo "1969"]
[PlyCount "60"]
[GameId "2160767910351110"]
[EventDate "2008.04.15"]
[EventType "tourn"]
[EventRounds "6"]
[EventCountry "CAN"]
[SourceTitle "EXT 2022"]
[Source "ChessBase"]
[SourceDate "2021.10.06"]
[SourceVersion "1"]
[SourceVersionDate "2021.10.06"]
[SourceQuality "1"]

1. d4 d5 2. c4 e6 3. Nc3 Nf6 4. Nf3 c6 5. Bg5 h6 6. Bh4 dxc4 7. e4 g5 8. Bg3 b5 9. Be2 Bb7 10. Ne5 Nbd7 11. f3 Nh5 12. Nxd7 Nxg3 13. Nxf8 Nxh1 14. Nxe6 fxe6 15. e5 c5 16. dxc5 Qxd1+ 17. Rxd1 a6 18. Rd6 Bd5 19. Kf1 Ke7 20. Kg1 Rhd8 21. Nxd5+ exd5 22. Rxh6 d4 23. Kxh1 d3 24. Bd1 b4 25. f4 c3 26. Rh7+ Kf8 27. bxc3 bxc3 28. e6 Re8 29. Bb3 Kg8 30. Rd7 c2 0-1

[Event "Hull CC - LEO ferme ch A"]
[Site "Gatineau CAN"]
[Date "2008.05.13"]
[Round "5"]
[White "Chartrand, Jean Bruno"]
[Black "Brousseau, Yvan"]
[Result "1-0"]
[WhiteElo "1965"]
[BlackElo "2009"]
[PlyCount "51"]
[GameId "2160767910351111"]
[EventDate "2008.04.15"]
[EventType "tourn"]
[EventRounds "6"]
[EventCountry "CAN"]
[SourceTitle "EXT 2022"]
[Source "ChessBase"]
[SourceDate "2021.10.06"]
[SourceVersion "1"]
[SourceVersionDate "2021.10.06"]
[SourceQuality "1"]

1. d4 d5 2. c4 Nc6 3. Nf3 Bg4 4. cxd5 Bxf3 5. dxc6 Bxc6 6. Nc3 e6 7. e4 Bb4 8. f3 Bxe4 9. Qa4+ Bc6 10. Qxb4 Bxf3 11. gxf3 Qh4+ 12. Ke2 O-O-O 13. Be3 e5 14. Rd1 Ne7 15. Bf2 Qf6 16. dxe5 Qxe5+ 17. Qe4 Qh5 18. Rxd8+ Kxd8 19. Kd2 Qh6+ 20. Kc2 Re8 21. Qxb7 Nc6 22. Bd3 Re5 23. Rd1 Qxh2 24. Be4+ Ke7 25. Qxc7+ Kf8 26. Qd6+ 1-0

[Event "Hull CC - LEO ferme ch A"]
[Site "Gatineau CAN"]
[Date "2008.05.13"]
[Round "5"]
[White "Desjardins, Michel"]
[Black "Szalay, Karoly"]
[Result "0-1"]
[WhiteElo "1969"]
[BlackElo "2105"]
[PlyCount "102"]
[GameId "2160767910351112"]
[EventDate "2008.04.15"]
[EventType "tourn"]
[EventRounds "6"]
[EventCountry "CAN"]
[SourceTitle "EXT 2022"]
[Source "ChessBase"]
[SourceDate "2021.10.06"]
[SourceVersion "1"]
[SourceVersionDate "2021.10.06"]
[SourceQuality "1"]

1. e4 e5 2. Nf3 Nc6 3. Bc4 Nf6 4. d3 Bc5 5. Nc3 d6 6. Bg5 h6 7. Bxf6 Qxf6 8. Nd5 Qd8 9. c3 Bb6 10. b4 Ne7 11. Nxb6 axb6 12. O-O O-O 13. Nd2 Ng6 14. g3 Bh3 15. Re1 Qg5 16. Kh1 Kh7 17. Nf3 Qe7 18. Ng1 Bd7 19. f3 f5 20. Rf1 f4 21. Qd2 Qg5 22. Qg2 Qh5 23. g4 Qh4 24. h3 Qe7 25. Qb2 b5 26. Bb3 Ra6 27. Rf2 Rfa8 28. d4 c5 29. dxc5 dxc5 30. Bd5 Bc6 31. Bxc6 bxc6 32. Kg2 Ra4 33. a3 Qa7 34. Rc2 c4 35. Rd2 Nh4+ 36. Kf1 Rxa3 37. Rxa3 Qxa3 38. Qxa3 Rxa3 39. Rc2 Ra1+ 40. Kf2 Rd1 41. Ra2 Rd3 42. Ra3 Kg8 43. Ra6 Rxc3 44. Rxc6 Rb3 45. Rc5 Rxb4 46. Rxe5 c3 47. Rc5 Rb2+ 48. Ne2 b4 49. e5 Kf7 50. Ke1 Nxf3+ 51. Kd1 Rd2+ 0-1

[Event "Hull CC - LEO ferme ch A"]
[Site "Gatineau CAN"]
[Date "2008.05.17"]
[Round "6"]
[White "Brousseau, Yvan"]
[Black "Desjardins, Michel"]
[Result "1/2-1/2"]
[WhiteElo "2009"]
[BlackElo "1969"]
[PlyCount "81"]
[GameId "2160767910351113"]
[EventDate "2008.04.15"]
[EventType "tourn"]
[EventRounds "6"]
[EventCountry "CAN"]
[SourceTitle "EXT 2022"]
[Source "ChessBase"]
[SourceDate "2021.10.06"]
[SourceVersion "1"]
[SourceVersionDate "2021.10.06"]
[SourceQuality "1"]

1. b3 e5 2. Bb2 d6 3. d4 exd4 4. Qxd4 Nc6 5. Qd2 d5 6. e3 Nf6 7. Nc3 Bb4 8. Bd3 O-O 9. a3 Bc5 10. Na4 Bd6 11. Nf3 Re8 12. O-O Bg4 13. Nd4 Ne5 14. f3 Nxd3 15. cxd3 Bh5 16. e4 c6 17. Nf5 dxe4 18. Qg5 Bg6 19. Nxd6 Qxd6 20. dxe4 h6 21. Qc1 Qe7 22. Rd1 Rad8 23. Qc3 Rxd1+ 24. Rxd1 Rd8 25. Rd4 Rxd4 26. Qxd4 b6 27. b4 Qd7 28. Kf2 Qxd4+ 29. Bxd4 Nd7 30. Ke3 f6 31. Nb2 Bf7 32. Nd3 Kf8 33. e5 fxe5 34. Nxe5 Nxe5 35. Bxe5 a5 36. bxa5 bxa5 37. Kd4 a4 38. h4 Bd5 39. h5 Kf7 40. Ke3 g6 41. hxg6+ 1/2-1/2

[Event "Hull CC - LEO ferme ch A"]
[Site "Gatineau CAN"]
[Date "2008.05.17"]
[Round "6"]
[White "Szalay, Karoly"]
[Black "Chartrand, Jean Bruno"]
[Result "1-0"]
[WhiteElo "2109"]
[BlackElo "1964"]
[PlyCount "75"]
[GameId "2160767910351114"]
[EventDate "2008.04.15"]
[EventType "tourn"]
[EventRounds "6"]
[EventCountry "CAN"]
[SourceTitle "EXT 2022"]
[Source "ChessBase"]
[SourceDate "2021.10.06"]
[SourceVersion "1"]
[SourceVersionDate "2021.10.06"]
[SourceQuality "1"]

1. e4 Nf6 2. e5 Nd5 3. d4 d6 4. c4 Nb6 5. exd6 cxd6 6. Nc3 g6 7. Be3 Bg7 8. Rc1 O-O 9. Bd3 Nc6 10. Nge2 Bd7 11. O-O e5 12. dxe5 dxe5 13. c5 Nc8 14. Bc4 N8e7 15. Ne4 Nf5 16. Bg5 Qc8 17. Nf6+ Bxf6 18. Bxf6 Be6 19. Ng3 Ng7 20. Bb5 Bf5 21. Bxc6 Qxc6 22. Bxe5 Rad8 23. Qb3 Be6 24. Qc3 Ne8 25. h3 f6 26. Bd4 Bd5 27. f3 Nc7 28. a4 Rf7 29. b4 a6 30. Rfe1 f5 31. Qa1 Ne6 32. Be5 Rfd7 33. Bd6 Rf7 34. Qe5 Re8 35. b5 axb5 36. axb5 Qxb5 37. Qxd5 Ng5 38. h4 1-0

[Event "Hull CC - LEO ferme ch B"]
[Site "Gatineau CAN"]
[Date "2008.04.14"]
[Round "1"]
[White "Danilov, Alex"]
[Black "Jani, Louis"]
[Result "1-0"]
[WhiteElo "1906"]
[BlackElo "1437"]
[PlyCount "109"]
[GameId "2160767910351115"]
[EventDate "2008.04.15"]
[EventType "swiss"]
[EventRounds "6"]
[EventCountry "CAN"]
[SourceTitle "EXT 2022"]
[Source "ChessBase"]
[SourceDate "2021.10.06"]
[SourceVersion "1"]
[SourceVersionDate "2021.10.06"]
[SourceQuality "1"]

1. Nf3 c5 2. e4 Nc6 3. d3 d6 4. g3 Nf6 5. Bg2 e5 6. O-O Be7 7. c3 Rb8 8. Re1 O-O 9. Nbd2 b5 10. Nf1 Re8 11. d4 cxd4 12. cxd4 Bg4 13. d5 Na5 14. b3 b4 15. Ne3 Qb6 16. Nxg4 Nxg4 17. Qe2 Nb7 18. h3 Nf6 19. Be3 Nc5 20. Nd2 Qd8 21. Bxc5 dxc5 22. Bf1 Rb6 23. Nc4 Rb7 24. Nxe5 Qc7 25. Nc4 Bd6 26. Qd3 Nd7 27. f4 f6 28. Bg2 g5 29. e5 fxe5 30. Qf5 gxf4 31. gxf4 Rf8 32. Qe6+ Kh8 33. Qxd6 Rxf4 34. Qxc7 Rxc7 35. d6 Rc8 36. Nxe5 Nxe5 37. Rxe5 Rd4 38. Re6 Rd2 39. Rae1 Rg8 40. R1e2 Rd1+ 41. Kh2 Rd8 42. Re8+ Rxe8 43. Rxe8+ Kg7 44. Re7+ Kf6 45. Rxh7 Rxd6 46. Rh6+ Ke5 47. Rxd6 Kxd6 48. Kg3 Ke5 49. Kf3 Kd4 50. Ke2 Kc3 51. h4 a5 52. h5 Kb2 53. h6 Ka3 54. h7 Kxa2 55. h8=Q 1-0

[Event "Hull CC - LEO ferme ch B"]
[Site "Gatineau CAN"]
[Date "2008.04.15"]
[Round "1"]
[White "Arsenault, Michel"]
[Black "Dupont, Claude"]
[Result "1-0"]
[WhiteElo "1959"]
[BlackElo "1496"]
[PlyCount "117"]
[GameId "2160767910351116"]
[EventDate "2008.04.15"]
[EventType "swiss"]
[EventRounds "6"]
[EventCountry "CAN"]
[SourceTitle "EXT 2022"]
[Source "ChessBase"]
[SourceDate "2021.10.06"]
[SourceVersion "1"]
[SourceVersionDate "2021.10.06"]
[SourceQuality "1"]

1. e4 c5 2. Nf3 d6 3. d4 cxd4 4. Nxd4 a6 5. c4 e5 6. Nc2 Nf6 7. Nc3 Nc6 8. Be2 Be7 9. O-O Be6 10. Be3 O-O 11. f3 h6 12. Qe1 Nd7 13. Rd1 Bh4 14. g3 Bg5 15. Kh1 Be7 16. f4 f5 17. b3 Qc7 18. Bg1 exf4 19. gxf4 fxe4 20. Nxe4 Bf5 21. Bf3 Nf6 22. Nd4 Nxd4 23. Bxd4 Nxe4 24. Bxe4 Bxe4+ 25. Qxe4 Bf6 26. Rfe1 Qc6 27. Qxc6 bxc6 28. Re6 Rad8 29. Bb6 Rb8 30. Bc7 Rb7 31. Bxd6 Rd8 32. c5 Be7 33. Rc1 Kf7 34. Rce1 Bxd6 35. cxd6 Rbd7 36. Re7+ Rxe7 37. dxe7 Rc8 38. Kg2 Ke8 39. Kf3 Rc7 40. Re6 a5 41. Ke4 Rxe7 42. Ke5 Kd7 43. Rxe7+ Kxe7 44. h3 g6 45. a3 h5 46. h4 c5 47. Kd5 Kf6 48. Kxc5 Kf5 49. b4 axb4 50. axb4 Kxf4 51. b5 Kg4 52. b6 Kxh4 53. b7 g5 54. b8=Q g4 55. Qh2+ Kg5 56. Kd5 h4 57. Ke5 g3 58. Qh3 Kh5 59. Kf6 1-0

[Event "Hull CC - LEO ferme ch B"]
[Site "Gatineau CAN"]
[Date "2008.04.15"]
[Round "1"]
[White "Arsenault, Yves"]
[Black "Groleau, Gilles"]
[Result "0-1"]
[WhiteElo "1452"]
[BlackElo "1928"]
[PlyCount "106"]
[GameId "2160767910351117"]
[EventDate "2008.04.15"]
[EventType "swiss"]
[EventRounds "6"]
[EventCountry "CAN"]
[SourceTitle "EXT 2022"]
[Source "ChessBase"]
[SourceDate "2021.10.06"]
[SourceVersion "1"]
[SourceVersionDate "2021.10.06"]
[SourceQuality "1"]

1. e4 c5 2. Nf3 e6 3. d4 cxd4 4. Nxd4 Nf6 5. Bg5 Qa5+ 6. Qd2 Bb4 7. c3 Nxe4 8. cxb4 Qxg5 9. Qxg5 Nxg5 10. Nc3 f5 11. Ndb5 Na6 12. a3 d5 13. Rc1 O-O 14. Be2 Nf7 15. O-O Bd7 16. Rfe1 Rfc8 17. Nd4 Nd6 18. Bxa6 bxa6 19. Nxe6 Ne4 20. Nf4 d4 21. Ncd5 Rxc1 22. Rxc1 g5 23. Nd3 Bb5 24. Rd1 Kf7 25. f3 Nd6 26. Ne5+ Kg7 27. Rxd4 Re8 28. Nd3 Bxd3 29. Rxd3 Nc4 30. Nc7 Re7 31. Nxa6 Nxb2 32. Rd4 Re3 33. a4 Nxa4 34. Rd7+ Kg6 35. Rxa7 Nc3 36. Rb7 Re1+ 37. Kf2 Re2+ 38. Kf1 Ra2 39. Nc5 Nd5 40. Nd3 Ne3+ 41. Kg1 Rxg2+ 42. Kh1 Rd2 43. Ne5+ Kf6 44. Nd7+ Ke6 45. Nf8+ Ke5 46. Re7+ Kf4 47. Ne6+ Kxf3 48. Nxg5+ Ke2 49. h4 Rb2 50. Rxh7 Rxb4 51. Nh3 Rb1+ 52. Ng1+ Kf2 53. Rg7 Ng4 0-1

[Event "Hull CC - LEO ferme ch B"]
[Site "Gatineau CAN"]
[Date "2008.04.15"]
[Round "1"]
[White "Berthiaume, Serge"]
[Black "Menard, Marc"]
[Result "0-1"]
[WhiteElo "1212"]
[BlackElo "1599"]
[PlyCount "94"]
[GameId "2160767910351118"]
[EventDate "2008.04.15"]
[EventType "swiss"]
[EventRounds "6"]
[EventCountry "CAN"]
[SourceTitle "EXT 2022"]
[Source "ChessBase"]
[SourceDate "2021.10.06"]
[SourceVersion "1"]
[SourceVersionDate "2021.10.06"]
[SourceQuality "1"]

1. d4 Nf6 2. Nf3 e6 3. Bg5 h6 4. Bxf6 Qxf6 5. e4 Bb4+ 6. c3 Be7 7. Bd3 g5 8. h3 c5 9. O-O Nc6 10. Bc2 d6 11. Nh2 cxd4 12. cxd4 Qxd4 13. Qxd4 Nxd4 14. Ba4+ Bd7 15. Bxd7+ Kxd7 16. Nc3 Rac8 17. Rad1 Nc6 18. Rd2 Ne5 19. Ng4 Nxg4 20. hxg4 Rc6 21. Rfd1 Rhc8 22. Kf1 a6 23. g3 Bf6 24. Ke2 Bxc3 25. bxc3 Rb6 26. Rd3 Rb2+ 27. R1d2 Rxd2+ 28. Kxd2 Rc4 29. Rd4 b5 30. Kd3 Rxd4+ 31. Kxd4 f6 32. a3 Kc6 33. f4 e5+ 34. fxe5 fxe5+ 35. Ke3 Kc5 36. Kd3 a5 37. c4 bxc4+ 38. Kc3 a4 39. Kd2 Kd4 40. Kc2 Kxe4 41. Kc3 d5 42. Kb4 Kd4 43. Kxa4 c3 44. Kb5 c2 45. a4 c1=Q 46. a5 Qc4+ 47. Kb6 Qb4+ 0-1

[Event "Hull CC - LEO ferme ch B"]
[Site "Gatineau CAN"]
[Date "2008.04.15"]
[Round "1"]
[White "Duret, Serge"]
[Black "Blouin, Francois"]
[Result "0-1"]
[WhiteElo "994"]
[BlackElo "1606"]
[PlyCount "46"]
[GameId "2160767910351119"]
[EventDate "2008.04.15"]
[EventType "swiss"]
[EventRounds "6"]
[EventCountry "CAN"]
[SourceTitle "EXT 2022"]
[Source "ChessBase"]
[SourceDate "2021.10.06"]
[SourceVersion "1"]
[SourceVersionDate "2021.10.06"]
[SourceQuality "1"]

1. e4 e6 2. d4 d5 3. e5 c5 4. c3 Nc6 5. Nf3 Qb6 6. Be3 Qxb2 7. Nbd2 Qb6 8. Rb1 Qc7 9. dxc5 Nge7 10. Bb5 Ng6 11. Qa4 Bd7 12. Nd4 Ncxe5 13. Bxd7+ Nxd7 14. Nb5 Qc6 15. Qa5 b6 16. cxb6 Bd6 17. Nc7+ Bxc7 18. bxc7 O-O 19. Bxa7 Rfc8 20. Qb5 Qxb5 21. Rxb5 Rxa7 22. Rb8 Nxb8 23. cxb8=Q Rxb8 0-1

[Event "Hull CC - LEO ferme ch B"]
[Site "Gatineau CAN"]
[Date "2008.04.15"]
[Round "1"]
[White "Jiang, Qizhe"]
[Black "Labelle, Raymond"]
[Result "1-0"]
[WhiteElo "963"]
[BlackElo "1352"]
[PlyCount "109"]
[GameId "2160767910351120"]
[EventDate "2008.04.15"]
[EventType "swiss"]
[EventRounds "6"]
[EventCountry "CAN"]
[SourceTitle "EXT 2022"]
[Source "ChessBase"]
[SourceDate "2021.10.06"]
[SourceVersion "1"]
[SourceVersionDate "2021.10.06"]
[SourceQuality "1"]

1. e4 e5 2. Nf3 Nc6 3. Nc3 Bc5 4. d3 Nf6 5. Be2 O-O 6. h3 d5 7. exd5 Nxd5 8. Bd2 Nf4 9. Rg1 Qf6 10. Be3 Bxe3 11. fxe3 Nh5 12. Ne4 Qh6 13. Qd2 Be6 14. a3 Nf6 15. Nxf6+ Qxf6 16. g4 Qe7 17. Qc3 b5 18. Qxc6 Rfd8 19. Qxb5 f6 20. Rd1 Rdb8 21. Qc6 Qf7 22. Qc3 Rb6 23. b3 Qe7 24. Ra1 Qd6 25. Kf2 Rc6 26. Qb2 Rb8 27. Rab1 a5 28. c4 Rcb6 29. Qa2 Bd7 30. Rgc1 Qc5 31. Rc2 Bc6 32. Rcb2 Qd6 33. Rc1 Qe6 34. Qb1 f5 35. Rg1 Rf8 36. Qe1 e4 37. Nd4 Qf6 38. gxf5 Qh4+ 39. Rg3 Bb7 40. Qxa5 Bc8 41. Qd5+ Kh8 42. a4 Rbf6 43. Bg4 h5 44. Qxe4 hxg4 45. Qxg4 Qh7 46. e4 g6 47. Ke1 c5 48. Nf3 gxf5 49. exf5 Bxf5 50. Qh4 Rh6 51. Qf4 Re8+ 52. Re2 Rxe2+ 53. Kxe2 Bxd3+ 54. Kf2 Bc2 55. Qb8+ 1-0

[Event "Hull CC - LEO ferme ch B"]
[Site "Gatineau CAN"]
[Date "2008.04.15"]
[Round "1"]
[White "Lacourse, Guy"]
[Black "Thibault, David"]
[Result "0-1"]
[WhiteElo "1591"]
[BlackElo "1690"]
[PlyCount "102"]
[GameId "2160767910351121"]
[EventDate "2008.04.15"]
[EventType "swiss"]
[EventRounds "6"]
[EventCountry "CAN"]
[SourceTitle "EXT 2022"]
[Source "ChessBase"]
[SourceDate "2021.10.06"]
[SourceVersion "1"]
[SourceVersionDate "2021.10.06"]
[SourceQuality "1"]

1. c4 e5 2. Nc3 Nf6 3. d3 Bc5 4. Nf3 d6 5. g3 Be6 6. Bg2 c6 7. O-O Qc8 8. e3 Bb6 9. Ne1 Bh3 10. Nc2 h5 11. d4 h4 12. g4 Bxg2 13. Kxg2 Nxg4 14. h3 Nf6 15. Kh2 Qe6 16. d5 Qe7 17. f4 Nbd7 18. a4 Nc5 19. a5 Bc7 20. b4 Nce4 21. Bb2 Qd7 22. Qd3 Ng3 23. Rf2 Rh6 24. fxe5 dxe5 25. e4 O-O-O 26. Na4 g5 27. Nc3 g4 28. Ne3 Ngxe4 29. Nxe4 g3+ 30. Kg2 gxf2 31. Nxf2 Rg8+ 32. Kf1 Rg3 33. Qf5 Rhg6 34. Qxd7+ Nxd7 35. dxc6 bxc6 36. Ke2 Re6 37. b5 Nf6 38. Ra2 Nh5 39. Nf5 Nf4+ 40. Kd2 Rg2 41. Ke3 cxb5 42. cxb5 Rh2 43. Nxh4 Nxh3 44. Ng4 Rh1 45. Nf5 Nf4 46. Bxe5 Bxe5 47. Nxe5 Ng6 48. Rc2+ Kb8 49. Kd4 Rd1+ 50. Nd3 Nf4 51. Rc3 Ne2+ 0-1

[Event "Hull CC - LEO ferme ch B"]
[Site "Gatineau CAN"]
[Date "2008.04.15"]
[Round "1"]
[White "Libersan, Mattieu"]
[Black "Levesque, Andre"]
[Result "1-0"]
[WhiteElo "1841"]
[BlackElo "1346"]
[PlyCount "95"]
[GameId "2160767910351122"]
[EventDate "2008.04.15"]
[EventType "swiss"]
[EventRounds "6"]
[EventCountry "CAN"]
[SourceTitle "EXT 2022"]
[Source "ChessBase"]
[SourceDate "2021.10.06"]
[SourceVersion "1"]
[SourceVersionDate "2021.10.06"]
[SourceQuality "1"]

1. Nf3 d5 2. g3 Nc6 3. Bg2 Nf6 4. d3 e5 5. Bg5 Be7 6. Nbd2 O-O 7. Bxf6 Bxf6 8. e4 d4 9. O-O Be6 10. Ne1 Qe7 11. f4 exf4 12. gxf4 Qd8 13. e5 Be7 14. Ne4 Rb8 15. Nf3 Bg4 16. Qe2 f5 17. Nf2 Bh5 18. Nh3 a6 19. Qf2 h6 20. Kh1 Kh8 21. Nhg1 Qd7 22. Ne2 Rbd8 23. Ng3 Bg6 24. Rg1 b5 25. Ne2 Bh7 26. a3 a5 27. Qg3 Rg8 28. h4 Qe8 29. Qf2 b4 30. axb4 Bxb4 31. Nexd4 Nxd4 32. Nxd4 Bc5 33. c3 Bxd4 34. cxd4 Qb5 35. Rac1 Qxd3 36. Rgd1 Qb3 37. d5 Rc8 38. Rd2 Qb6 39. Qxb6 cxb6 40. Rdc2 Rxc2 41. Rxc2 g5 42. hxg5 hxg5 43. fxg5 Rxg5 44. d6 Rg4 45. d7 f4 46. d8=Q+ Rg8 47. Qf6+ Rg7 48. Rc7 1-0

[Event "Hull CC - LEO ferme ch B"]
[Site "Gatineau CAN"]
[Date "2008.04.15"]
[Round "1"]
[White "Maisonneuve, Paul"]
[Black "Guimond, Michel"]
[Result "0-1"]
[WhiteElo "1487"]
[BlackElo "1892"]
[PlyCount "70"]
[GameId "2160767910351123"]
[EventDate "2008.04.15"]
[EventType "swiss"]
[EventRounds "6"]
[EventCountry "CAN"]
[SourceTitle "EXT 2022"]
[Source "ChessBase"]
[SourceDate "2021.10.06"]
[SourceVersion "1"]
[SourceVersionDate "2021.10.06"]
[SourceQuality "1"]

1. d4 g6 2. Bf4 d6 3. e3 Bg7 4. Nf3 Nf6 5. h3 O-O 6. Be2 c5 7. c3 Qa5 8. Nbd2 b5 9. dxc5 dxc5 10. O-O Rd8 11. Qc1 Bf5 12. Nh4 Bd3 13. Bxd3 Rxd3 14. Qc2 c4 15. Nhf3 Nc6 16. Rfd1 Rad8 17. Nd4 Qb6 18. N2f3 Nh5 19. Bh2 e5 20. Nxc6 Qxc6 21. Nxe5 Bxe5 22. Bxe5 Qe4 23. Bd4 Rxd1+ 24. Qxd1 Ng7 25. Qe2 Ne6 26. Rd1 a6 27. Bb6 Rd3 28. Rxd3 cxd3 29. Qd2 b4 30. cxb4 Qc4 31. Kf1 Qc2 32. Ke1 Qb1+ 33. Qd1 Qxb2 34. Qxd3 Qxb4+ 35. Ke2 Qxb6 0-1

[Event "Hull CC - LEO ferme ch B"]
[Site "Gatineau CAN"]
[Date "2008.04.15"]
[Round "1"]
[White "Scantland, Patrick"]
[Black "Kennedy, Phillip"]
[Result "0-1"]
[WhiteElo "1710"]
[BlackElo "1328"]
[PlyCount "108"]
[GameId "2160767910351124"]
[EventDate "2008.04.15"]
[EventType "swiss"]
[EventRounds "6"]
[EventCountry "CAN"]

1. e4 c5 2. Nf3 d6 3. d4 cxd4 4. Nxd4 Nf6 5. Nc3 a6 6. Be3 e5 7. Nb3 Be6 8. f3 Be7 9. Qd2 Nbd7 10. O-O-O h6 11. g4 Nh7 12. h4 Bxh4 13. Qxd6 Bg5 14. Qd2 Bxe3 15. Qxe3 Qg5 16. Qd2 Rd8 17. Rh5 Qxd2+ 18. Rxd2 O-O 19. Na5 Ng5 20. Bg2 Nc5 21. Nd5 Bxd5 22. exd5 f6 23. Rh1 Rd6 24. Nc4 Rd7 25. Rhd1 Nf7 26. d6 Rfd8 27. Rd5 Ne6 28. a4 Nf4 29. R5d2 Nxg2 30. Rxg2 b5 31. axb5 axb5 32. Na3 Rxd6 33. Rxd6 Nxd6 34. Rd2 Kf8 35. Nxb5 Ke7 36. Nc3 Ke6 37. Re2 f5 38. Rd2 fxg4 39. fxg4 Rf8 40. Rg2 Rf1+ 41. Kd2 Nc4+ 42. Ke2 Rf4 43. b3 Nd6 44. Ke3 Nf7 45. Nb5 Kf6 46. c4 Ng5 47. Rg3 Ne4 48. Rg1 Nf2 49. c5 Nxg4+ 50. Kd3 e4+ 51. Ke2 e3 52. c6 Rf2+ 53. Ke1 h5 54. Nd4 Ke7 0-1